000 01037nas a2200313 4500
001 BR2013005749
003 BR-BrBNA
005 20231205122708.0
007 ta
008 230509b bl.|||p| |||| 00| 00por d
040 _aBR-BrBNA
_bpor
_cBiblioteca Nacional de Agricultura
041 _a(Pt)
072 _aF06; P06; F60
100 1 _aSantos, J.B. dos
100 1 _aSantos, D.B. dos
100 1 _aAzevedo, C.A.V. de
100 1 _aRebequi, A.M.
100 1 _aCavalcante, L.F.
100 1 _aCavalcante, I.H.L.
245 1 _aComportamento morfofisiológico da mamoneira BRS Energia submetida à irrigação com água salina
650 _aRICINUS COMMUNIS
650 _aMAMONA
650 _aFISIOLOGIA VEGETAL
650 _aBIOCOMBUSTÍVEL
773 0 _tRevista Brasileira de Engenharia Agrícola e Ambiental (Brazil)
_xISSN 1807-1929
_g(Feb 2013), V. 17(2) p. 145-152
_wBR2013005749
856 4 0 _uhttp://www.scielo.br/pdf/rbeaa/v17n2/v17n02a05.pdf
909 _a202311
_bLúcia
_c55
_dLúcia Elande
942 _2AGRIS
_n0
_cANA
999 _c230027
_d230027